Statistiken für Fußball: Deutscher WM-Kader 2022 - Vereine

Klicken Sie hier um das Quiz zu spielen!

Allgemein

  • Dieses Quiz wurde 3.618 mal gespielt
  • Das Durchschnittsergebnis liegt bei 23 aus 26

Antwortstatistiken

Nr.SpielerVerein% Korrekt
1Manuel NeuerBayern München
100%
8Leon GoretzkaBayern München
96%
13Thomas MüllerBayern München
96%
10Serge GnabryBayern München
96%
6Joshua KimmichBayern München
96%
19Leroy SanéBayern München
95%
14Jamal MusialaBayern München
95%
17Julian BrandtBorussia Dortmund
94%
15Niklas SüleBorussia Dortmund
94%
7Kai HavertzFC Chelsea
94%
2Antonio RüdigerReal Madrid
94%
23Nico SchlotterbeckBorussia Dortmund
93%
22Marc-André ter StegenFC Barcelona
93%
9Niclas FüllkrugWerder Bremen
93%
24Karim AdeyemiBorussia Dortmund
92%
26Youssoufa MoukokoBorussia Dortmund
92%
11Mario GötzeEintracht Frankfurt
92%
12Kevin TrappEintracht Frankfurt
92%
21Ilkay GündoganManchester City
90%
3David RaumRB Leipzig
89%
16Lukas KlostermanRB Leipzig
87%
18Jonas HofmannBorussia Mönchengladbach
86%
4Matthias GinterSC Freiburg
85%
20Christian GünterSC Freiburg
84%
5Thilo KehrerWest Ham United
68%
25Armel Bella KotchapFC Southampton
52%

Verteilung der Resultate

Perzentil nach korrekt beantworteten Fragen

Anzahl Personen mit jedem Resultat

Ihre Resultats-Entwicklung

Sie haben dieses Quiz noch nicht gespielt